000 01042nas a2200349 4500
001 BR2012005710
003 BR-BrBNA
005 20231205120928.0
007 ta
008 230509b bl.|||p| |||| 00| 00por d
040 _aBR-BrBNA
_bpor
_cBiblioteca Nacional de Agricultura
041 _a(En)
072 _aF03; H20
100 1 _aPopovic, T.
100 1 _aMilovanovic, P.
100 1 _aAleksic, G.
100 1 _aGavrilovic, V.
100 1 _aStarovic, M.
100 1 _aVasic, M.
100 1 _aBalaz, J.
245 1 _aApplication of semi-selective mediums in routine diagnostic testing of Pseudomonas savastano pv. phaseolicola on common bean seeds
650 _aFEIJÃO
650 _aSEMENTE
650 _aPATOGENICIDADE
650 _aELISA
650 _aPSEUDOMONAS SP
650 _aBACTÉRIA
650 _aCONTAMINAÇÃO BACTERIANA
773 0 _tScientia Agricola (Brazil)
_xISSN 0103-9016
_g(Jul-Aug 2012), v. 69(4) p. 265-270
_wBR2012005710
909 _a202311
_bLúcia
_c55
_dLúcia Elande
942 _2AGRIS
_n0
_cANA
999 _c221031
_d221031